Famous people with Double Initials - Statistics

General Stats
  • This quiz has been taken 61 times
  • The average score is 31 of 69
Answer Stats
Picture Answer % Correct
Fred Flintstone
94%
Marilyn Monroe
94%
Danny DeVito
90%
Andre Agassi
86%
Sylvester Stallone
86%
Ozzy Osbourne
82%
Tina Turner
82%
Janet Jackson
80%
Ryan Reynolds
75%
Steven Spielberg
75%
Courteney Cox
73%
Farrah Fawcett
73%
Robert Redford
73%
Brigitte Bardot
71%
Hugh Hefner
71%
Arthur Ashe
69%
Chevy Chase
69%
Keira Knightley
69%
Susan Sarandon
69%
Bjorn Borg
67%
Alan Alda
65%
Mike Myers
65%
Pablo Picasso
63%
Michael Moore
59%
Charlie Chaplin
57%
David Duchovny
57%
Zinedine Zidane
57%
Doris Day
55%
Boris Becker
53%
Woodrow Wilson
51%
Emilio Estevez
49%
Sissy Spacek
47%
Steven Seagal
47%
Cindy Crawford
45%
Nick Nolte
45%
Sharon Stone
41%
Leona Lewis
39%
Barbara Bach
37%
Beau Bridges
37%
Alexander Armstrong
35%
Greta Garbo
33%
Kevin Keegan
33%
Bill Bailey
31%
Alun Armstrong
29%
Brian Blessed
29%
Burt Bacharach
29%
Cheryl Cole
29%
Danny Dyer
29%
Malcolm McDowell
27%
Diana Dors
25%
Harry Houdini
25%
Chubby Checker
24%
Lindsay Lohan
24%
David Dimbleby
22%
Brenda Blethyn
20%
Harriet Harman
18%
"Buffalo Bill"
16%
Stephen Sondheim
14%
Adam Ant
12%
Dixie Dean
12%
James Joyce
12%
Stellan Skarsgard
12%
Bill Bryson
6%
Tommy Trinder
6%
William Wilberforce
6%
Edward Elgar
4%
William Wordsworth
4%
Kip Keino
0%
Matthew Macfayden
0%
No matching quizzes found
Score Distribution
Percent of People with Each Score
Percentile by Number Answered
Your Score History
You have not taken this quiz